| 000 | 00731nam a2200241 a 4500 | ||
|---|---|---|---|
| 005 | 20140311163041.0 | ||
| 008 | 120621s19uu xx 00 eng d | ||
| 020 | _a9789810696214 | ||
| 050 |
_aHF 5718 _b.B66 2010 |
||
| 100 | _aBovee, Courtland L. | ||
| 245 |
_aBusiness Communication today : _bglobal edition / _cCourtland L. Bovee and John V. Thill. |
||
| 250 | _a10th ed. | ||
| 260 |
_aPhilippines : _bPearson Education South Asia Pte, Ltd, _c2010. |
||
| 300 |
_a617 p. : _c29 cm. |
||
| 521 | _aBSBA | ||
| 650 | _aCommunication correspondence | ||
| 650 | _aBusiness communication | ||
| 650 | _aBusiness report writing | ||
| 700 | _aThill, John V. | ||
| 942 |
_cBK _2lcc _kFOR |
||
| 999 |
_c39753 _d39753 |
||